000 00763nam a2200265 a 4500
001 86249
003 BD-RjUL
005 20260325152636.0
008 260325r20252010|||||||| |||| 00| 0 eng d
020 _a8121935210
020 _a 9788121935210
035 _a(BD-RjUL)86249
040 _aBD-RjUL
_beng
_cBD-RjUL
041 _aeng
082 _223
_a579.8
_bVAB 2025
100 _aVashishta, B. R.
_917859
245 _aBotany for degree students Algae /
_cB. R. Vashishta, A. K. Sinha, V. P. Singh
250 _arev. ed.
260 _aNew Delhi :
_bS. Chand & Company Pvt. Ltd.,
_c2010, [reprinted 2025]
300 _a612 p.:
_bill.;
_c24 cm.
650 _aAlgae
700 _aSinha, A. K.
_917860
700 _aSingh, V. P.
_917861
942 _2ddc
_cBK
999 _c86249
_d86249